[Event "SVE Seniors op 2nd"]
[Site "Eidelstedt"]
[Date "2019.07.31"]
[Round "6"]
[White "Luebeck, Stephan"]
[Black "Ruider, Thomas"]
[Result "1-0"]
[WhiteElo "2006"]
[BlackElo "1790"]
[PlyCount "75"]
[EventDate "2019.07.15"]
[EventType "swiss"]
[EventRounds "7"]
[EventCountry "GER"]
[SourceTitle "EXT 2020"]
[Source "ChessBase"]
[SourceDate "2019.10.17"]
[SourceVersion "1"]
[SourceVersionDate "2019.10.17"]
[SourceQuality "1"]

1. d4 d5 2. Nf3 Nc6 3. e3 Bg4 4. c4 e6 5. Nc3 Nf6 6. Qb3 Rb8 7. Ne5 Bb4 8. cxd5 Bxc3+ 9. bxc3 exd5 10. Ba3 Ne7 11. Bxe7 Kxe7 12. Rb1 Qd6 13. c4 Be6 14. c5 Qd8 15. Qa3 Ke8 16. Qxa7 Ra8 17. Qxb7 Rxa2 18. Bd3 Nd7 19. Bb5 f6 20. Bxd7+ Bxd7 21. Nxd7 Qxd7 22. Qb8+ Qd8 23. Qxd8+ Kxd8 24. Rb8+ Ke7 25. Rxh8 Ra1+ 26. Ke2 Rxh1 27. h3 Ra1 28. Rxh7 Kf7 29. Rh8 Ra7 30. Rd8 c6 31. Kf3 Rc7 32. Kf4 g6 33. g4 Kg7 34. g5 f5 35. Rd6 Kf7 36. Rf6+ Kg7 37. Ke5 Kh7 38. Kd6 1-0

[Event "SVE Seniors op 2nd"]
[Site "Eidelstedt"]
[Date "2019.07.17"]
[Round "2"]
[White "Knops, Peter"]
[Black "Ruider, Thomas"]
[Result "1-0"]
[WhiteElo "1947"]
[BlackElo "1790"]
[PlyCount "127"]
[EventDate "2019.07.15"]
[EventType "swiss"]
[EventRounds "7"]
[EventCountry "GER"]
[SourceTitle "EXT 2020"]
[Source "ChessBase"]
[SourceDate "2019.10.17"]
[SourceVersion "1"]
[SourceVersionDate "2019.10.17"]
[SourceQuality "1"]

1. e4 d5 2. exd5 Nf6 3. Bb5+ Bd7 4. Be2 Nxd5 5. d4 Nf6 6. c4 c5 7. d5 Qc7 8. Nc3 e6 9. Bf3 exd5 10. Nxd5 Nxd5 11. Bxd5 Bc6 12. Ne2 Bd6 13. h3 0-0 14. 0-0 Nd7 15. Bxc6 Qxc6 16. Nc3 Nb6 17. b3 a6 18. Bb2 Rfe8 19. Qc2 Re6 20. Rad1 Be5 21. Nd5 Bxb2 22. Qxb2 Rae8 23. Rd2 h6 24. Qc3 Re5 25. Rfd1 Re1+ 26. Rxe1 Rxe1+ 27. Kh2 Re8 28. Qf3 Nxd5 29. Rxd5 Qc7+ 30. Qg3 Qxg3+ 31. Kxg3 b6 32. Rd6 Rb8 33. Kf4 Kf8 34. Rd7 Ke8 35. Ra7 a5 36. g4 Rd8 37. Rb7 Rd2 38. f3 Rxa2 39. Rxb6 Rb2 40. Rb5 Kd7 41. Rxc5 Rxb3 42. Rxa5 Rb4 43. Ra7+ Ke6 44. Rc7 Kd6 45. Rxf7 Rxc4+ 46. Kf5 Rc5+ 47. Kg6 Rg5+ 48. Kh7 Ke6 49. Rxg7 Ra5 50. f4 h5 51. Rg6+ Kf7 52. Rg5 Ra4 53. Rf5+ Ke6 54. Kg6 hxg4 55. hxg4 Ra8 56. Rf6+ Ke7 57. g5 Rg8+ 58. Kh7 Ra8 59. Kg7 Rb8 60. f5 Ra8 61. Rf7+ Kd6 62. g6 Ra1 63. Kf6 Rg1 64. g7 1-0

[Event "SVE Seniors op 2nd"]
[Site "Eidelstedt"]
[Date "2019.07.15"]
[Round "1"]
[White "Ruider, Thomas"]
[Black "Remer, Hans Herbert"]
[Result "1-0"]
[WhiteElo "1790"]
[BlackElo "1227"]
[PlyCount "49"]
[EventDate "2019.07.15"]
[EventType "swiss"]
[EventRounds "7"]
[EventCountry "GER"]
[SourceTitle "EXT 2020"]
[Source "ChessBase"]
[SourceDate "2019.10.17"]
[SourceVersion "1"]
[SourceVersionDate "2019.10.17"]
[SourceQuality "1"]

1. d4 d5 2. Bf4 e6 3. e3 Bd6 4. Bg3 Bxg3 5. hxg3 Nf6 6. Nd2 Nbd7 7. Bd3 c5 8. c3 c4 9. Bc2 e5 10. Ba4 exd4 11. cxd4 a6 12. Bc2 b5 13. a3 Nb6 14. Ne2 g6 15. Nf4 Ra7 16. Nf3 Ne4 17. Ne5 Bd7 18. Bxe4 dxe4 19. Qc2 f5 20. Nexg6 Qf6 21. Nxh8 Qxh8 22. Qe2 Bc6 23. Qh5+ Kd8 24. Qxf5 Qe8 25. Ne6+ 1-0

[Event "Hamburg-ch MB"]
[Site "Hamburg"]
[Date "2019.06.14"]
[Round "7"]
[White "Ruider, Thomas"]
[Black "Quitzau, Lukas"]
[Result "1/2-1/2"]
[WhiteElo "1790"]
[BlackElo "1658"]
[PlyCount "57"]
[EventDate "2019.06.08"]
[EventType "swiss"]
[EventRounds "9"]
[EventCountry "GER"]
[SourceTitle "EXT 2022"]
[Source "ChessBase"]
[SourceDate "2021.10.06"]
[SourceVersion "1"]
[SourceVersionDate "2021.10.06"]
[SourceQuality "1"]

1. d4 Nf6 2. Bf4 g6 3. Nc3 Bg7 4. Qd2 d5 5. Bh6 Bxh6 6. Qxh6 Bf5 7. Qd2 c6 8. Nf3 Nbd7 9. e3 b5 10. Bd3 b4 11. Ne2 a5 12. Ng3 Ne4 13. Qe2 h5 14. Bxe4 Bxe4 15. Nxe4 dxe4 16. Nd2 Nf6 17. Nb3 Qd5 18. Nc5 0-0 19. h3 Kg7 20. 0-0 Ne8 21. f3 exf3 22. Qxf3 Nf6 23. b3 Qxf3 24. Rxf3 Nd5 25. Nd7 Rfd8 26. Nc5 Rd6 27. Raf1 Rf6 28. Rxf6 Nxf6 29. Nd3 1/2-1/2